Социально-психологическое воздействие СМИ: учебное пособие

Dettagli Bibliografici
Autore principale: Берёзкина О. П. Ольга Павловна
Riassunto:В учебном пособии объясняются механизмы воздействия СМИ на формирование массового сознания и поведения, рассмотрены функции СМИ, показана их манипулятивная роль в обществе. Подробно проанализировано воздействие таких каналов массовой коммуникации, как газеты, радио, телевидение, кино, Интернет. Рассмотрены тенденции развития влияния СМИ на общество. Для студентов высших учебных заведений гуманитарных специальностей. Может быть рекомендовано широкому кругу читателей, особенно педагогам и родителям.
Lingua:russo
Pubblicazione: Москва, Академия, 2009
Serie:Высшее профессиональное образование. Связи с общественностью
Soggetti:
Natura: Libro
KOHA link:https://koha.lib.tpu.ru/cgi-bin/koha/opac-detail.pl?biblionumber=156168

MARC

LEADER 00000nam0a2200000 4500
001 156168
005 20231101221902.0
010 |a 9785769549045 
035 |a (RuTPU)RU\TPU\book\169370 
090 |a 156168 
100 |a 20090324d2009 m y0rusy50 ca 
101 0 |a rus 
102 |a RU 
105 |a y j 001zy 
200 1 |a Социально-психологическое воздействие СМИ  |e учебное пособие  |f О. П. Берёзкина 
210 |a Москва  |c Академия  |d 2009 
215 |a 240 с. 
225 1 |a Высшее профессиональное образование. Связи с общественностью 
320 |a Библиография в конце глав. 
330 |a В учебном пособии объясняются механизмы воздействия СМИ на формирование массового сознания и поведения, рассмотрены функции СМИ, показана их манипулятивная роль в обществе. Подробно проанализировано воздействие таких каналов массовой коммуникации, как газеты, радио, телевидение, кино, Интернет. Рассмотрены тенденции развития влияния СМИ на общество. Для студентов высших учебных заведений гуманитарных специальностей. Может быть рекомендовано широкому кругу читателей, особенно педагогам и родителям. 
606 1 |a Массовое сознание  |x Психология  |2 stltpush  |3 (RuTPU)RU\TPU\subj\41148  |9 60965 
610 1 |a психология 
610 1 |a СМИ 
610 1 |a средства массовой информации 
610 1 |a психологическое воздействие 
610 1 |a массовые коммуникации 
610 1 |a философия 
610 1 |a бихевиоризм 
610 1 |a психоанализ 
610 1 |a когнитивизм 
610 1 |a телевидение 
610 1 |a агрессия 
610 1 |a насилие 
610 1 |a самоубийство 
610 1 |a дети 
610 1 |a подростки 
610 1 |a деструктивные технологии 
610 1 |a десоциализация 
610 1 |a телеожирение 
610 1 |a социальная реклама 
610 1 |a зарубежный опыт 
610 1 |a Россия 
610 1 |a позитивные полугруппы 
610 1 |a позитивные установки 
610 1 |a социальные установки 
610 1 |a массовое поведение 
610 1 |a управление 
610 1 |a Product placement 
610 1 |a история 
610 1 |a рынок 
610 1 |a распространение 
610 1 |a каналы 
610 1 |a потребительские стереотипы 
610 1 |a негативное влияние 
610 1 |a этика 
610 1 |a учебные пособия 
686 |a Ю955я73  |v LBC/SL-A  |2 rubbk 
700 1 |a Берёзкина  |b О. П.  |g Ольга Павловна 
801 1 |a RU  |b 63413507  |c 20090324  |g PSBO 
801 2 |a RU  |b 63413507  |c 20150618  |g RCR 
900 |a Социология массовой коммуникации 
900 |a Психология массовой коммуникации 
900 |a Теория и практика массовой информации 
942 |c BK 
959 |a 38/20090320  |d 1  |e 0  |f ЧЗГЛ:1 
959 |a 88/20090901  |d 1  |e 239,80  |f ЧЗГЛ:1 
959 |a 20/20100322  |d 1  |e 239,80  |f АНЛ:1